BIBLIOTECA PODER JUDICIAL
Portal Judicial TDF

Que es el derecho / (Registro nro. 81)

000 -LEADER
fixed length control field 00522nam a22001817a 4500
003 - CONTROL NUMBER IDENTIFIER
control field OSt
005 - DATE AND TIME OF LATEST TRANSACTION
control field 20181206111232.0
008 - FIXED-LENGTH DATA ELEMENTS--GENERAL INFORMATION
fixed length control field 180312b xxu||||| |||| 00| 0 spa d
040 ## - CATALOGING SOURCE
Transcribing agency PJ
100 ## - ASIENTO PRINCIPAL - NOMBRE DE PERSONA
9 (RLIN) 91
Personal name Lopez Lastra, Julio E.
245 10 - MENCIÓN DE TÍTULO
Título propiamente dicho Que es el derecho /
Mención de responsabilidad, etc Julio E. Lopez Lastra.
260 ## - PUBLICATION, DISTRIBUTION, ETC. (IMPRINT)
Place of publication, distribution, etc La Plata :
Name of publisher, distributor, etc Platense,
Date of publication, distribution, etc 1972.
300 ## - DESCRIPCION FISICA
Extent 468 p.
Dimensions 18 cm.
490 ## - MENCION DE SERIE
Mención de Serie Ensayos Jurídicos
Designación numérica/secuencial del volumen 20
650 ## - ASIENTO SECUNDARIO DE MATERIA - TERMINO TEMATICO
Topical term or geographic name as entry element DERECHO EN GENERAL
9 (RLIN) 209
650 ## - ASIENTO SECUNDARIO DE MATERIA - TERMINO TEMATICO
Topical term or geographic name as entry element TEORIA GENERAL DEL DERECHO
9 (RLIN) 214
942 ## - ADDED ENTRY ELEMENTS (KOHA)
Source of classification or shelving scheme
Koha item type Libros
Classification part 340.11
Item part LOP
Existencias
Withdrawn status Lost status Source of classification or shelving scheme Damaged status Not for loan Permanent Location Current Location Date acquired Full call number Barcode Date last seen Price effective from Koha item type
          Biblioteca Poder Judicial Sur Biblioteca Poder Judicial Sur 2018-03-12 340.11 LOP 2034 2018-03-12 2018-03-12 Libros

12 de Octubre 789 Ushuaia - Tel:  54(02901)441571
Horario de Atención: 8.00 a 17.00 hs. 
bibliotecaush@justierradelfuego.gov.ar
koha@justierradelfuego.gov.ar
Seguinos en nuestras redes @bibliojustdf 

Con tecnología Koha